| 000 | 00735nam a22001817a 4500 | ||
|---|---|---|---|
| 003 | LK-CoDNM | ||
| 005 | 20241218150139.0 | ||
| 008 | 241218b |||||||| |||| 00| 0 eng d | ||
| 040 |
_aLK-CoDNM _dLK-CoDNM _eLK-CoDNM |
||
| 041 | _aeng | ||
| 080 |
_a2 _bB21 |
||
| 100 | _agray g.e | ||
| 245 | _aCatalogue of Lithophytes or stony corals i the collection of the british museum | ||
| 260 |
_clondon _aorder of the trustees _b1870 |
||
| 300 | _a51p. ; 22 cm | ||
| 650 | _aScience | ||
| 942 | _cBK | ||
| 999 |
_c233465 _d233465 |
||